000 00507nam a2200169 i 4500
001 73907
003 ES-MaACL
005 20230906171945.0
007 t|
008 040913s1915 sp ||||1| spa d
100 1 _aGóngora Echenique, Manuel.
_958244
245 1 0 _aPájaros /
_cManuel Góngora Echenique.
260 _aMadrid :
_b[s.n.],
_c1915 (
_fImp. de Felipe Peña Cruz)
300 _a14 p. ;
_c16 cm.
594 _aPrecede al tít.: Biblioteca de Cultura Artística.
852 _aES-MaACL
_j1480-F-17
999 _c73907
_d73907